000 00581nam a2200181Ia 4500
008 151018s9999 xx 000 0 und d
082 _bRBASDV53802
_a920
100 _aसुलभा वर्दे
245 _aध्यास आणि प्रवास
250 _b1
260 _bग्रंथाली
_c2010
300 _a186
600 _aसुलभा वर्दे
630 _aध्यास आणि प्रवास
700 _aसुलभा वर्दे
730 _aध्यास आणि प्रवास
942 _cBOOK
999 _c1051609
_d1051606